القانون الإداري الليبي الحديث / (Record no. 43724)
[ view plain ]
| 000 -LEADER | |
|---|---|
| fixed length control field | 01473nam a2200325 i 4500 |
| 003 - CONTROL NUMBER IDENTIFIER | |
| control field | EG-GICUC |
| 005 - DATE AND TIME OF LATEST TRANSACTION | |
| control field | 20260121101231.0 |
| 008 - FIXED-LENGTH DATA ELEMENTS--GENERAL INFORMATION | |
| fixed length control field | 251116s2019 ly ||||fr|||| 00| 0 ara d |
| 020 ## - INTERNATIONAL STANDARD BOOK NUMBER | |
| International Standard Book Number | 9789959303004 |
| 040 ## - CATALOGING SOURCE | |
| Original cataloging agency | EG-GICUC |
| Language of cataloging | ara |
| Transcribing agency | EG-GICUC |
| Modifying agency | EG-GICUC |
| Description conventions | rda |
| 041 0# - LANGUAGE CODE | |
| Language code of original | ara |
| 082 04 - DEWEY DECIMAL CLASSIFICATION NUMBER | |
| Edition number | 21 |
| Classification number | 345.0612 |
| Item number | خ ل . ق |
| 092 04 - LOCALLY ASSIGNED DEWEY CALL NUMBER (OCLC) | |
| Edition number | 21 |
| 099 ## - LOCAL FREE-TEXT CALL NUMBER (OCLC) | |
| Classification number | Law1 07 345.2 ع ص . ح 2008 |
| 100 0# - MAIN ENTRY--PERSONAL NAME | |
| Personal name | خليفة صالح احواس |
| Relator term | مؤلف. |
| 245 12 - TITLE STATEMENT | |
| Title | القانون الإداري الليبي الحديث / |
| Statement of responsibility, etc. | ا.د خليفة صالح حواس. |
| 264 #1 - PRODUCTION, PUBLICATION, DISTRIBUTION, MANUFACTURE, AND COPYRIGHT NOTICE | |
| Place of production, publication, distribution, manufacture | ليبيا : |
| Name of producer, publisher, distributor, manufacturer | مكتبة طرابلس العلمية العالمية ، |
| Date of production, publication, distribution, manufacture, or copyright notice | 2019. |
| 300 ## - PHYSICAL DESCRIPTION | |
| Extent | 262 صفحة ؛ |
| Dimensions | 24 سم. |
| 336 ## - CONTENT TYPE | |
| Source | rda content |
| Content type term | text |
| 337 ## - MEDIA TYPE | |
| Source | rda media |
| Media type term | Computer |
| 338 ## - CARRIER TYPE | |
| Source | rda carrier |
| Carrier type term | Online Resource |
| 500 ## - GENERAL NOTE | |
| General note | متضمناً اهم احكام قوانين الإدارة المحلية رقم 59 لسنة 2012، قانون علاقات العمل رقم 12 لسنة 2010، لأئحة العقود الإدارية رقم 563 لسنة 2007، لأئحة تنظيم التعليم العالي رقم 501 لسنة 2010. |
| 504 ## - BIBLIOGRAPHY, ETC. NOTE | |
| Bibliography, etc. note | يشتمل على إرجاعات ببليوجرافية |
| 504 ## - BIBLIOGRAPHY, ETC. NOTE | |
| Bibliography, etc. note | ببليوجرافيا صفحات : (260-262). |
| 546 ## - LANGUAGE NOTE | |
| Language note | النص باللغة العربية |
| 650 1# - SUBJECT ADDED ENTRY--TOPICAL TERM | |
| Topical term or geographic name entry element | القانون الإداري |
| 856 40 - ELECTRONIC LOCATION AND ACCESS | |
| Uniform Resource Identifier | <a href="https://fll.law.cu.edu.eg/fulltext/bks/B07-00786.pdf">https://fll.law.cu.edu.eg/fulltext/bks/B07-00786.pdf</a> |
| 905 ## - Cataloger and Reviser Names | |
| Cataloger Name: | Habiba Ismail |
| 942 ## - ADDED ENTRY ELEMENTS (KOHA) | |
| Source of classification or shelving scheme | Dewey Decimal Classification |
| Koha item type | Books |
| Edition | 21 |
| Suppress in OPAC | No |
| Withdrawn status | Lost status | Source of classification or shelving scheme | Damaged status | Not for loan | Collection | Home library | Current library | Date acquired | Total checkouts | Full call number | Barcode | Date last seen | Copy number | Price effective from | Koha item type |
|---|---|---|---|---|---|---|---|---|---|---|---|---|---|---|---|
| Dewey Decimal Classification | Not for loan | القانون الإداري | جــــامعة القــاهرة | مكتبة كلية الحقوق - المبنى الرئيسي | 16.11.2025 | Law1 07 345.2 ع ص . ح 2008 0700786 C1 | B07-00786 | 16.11.2025 | 1 | 16.11.2025 | Books |